| 000 | 00513nam a22001697a 4500 | ||
|---|---|---|---|
| 003 | 0 | ||
| 005 | 20240911133115.0 | ||
| 008 | 240911b xxu||||| |||| 00| 0 eng d | ||
| 020 | _a978-0-367-63876-4 | ||
| 050 |
_aHM 851 _b.Sc35 2023 |
||
| 245 |
_aSceneshift _bU.S. set designers in conversation |
||
| 260 |
_aNew York _bRoutledge _c2023 |
||
| 300 |
_a268 pages : _bcolored illustrations and pictures ; _c25cm. |
||
| 504 | _aIncludes bibliographical references and index. | ||
| 650 | _aScene. | ||
| 942 |
_2lcc _cBK |
||
| 999 |
_c366220 _d366220 |
||